| 000 | 00363nam a2200121 a 4500 | ||
|---|---|---|---|
| 005 | 20141022142001.0 | ||
| 008 | 101110s19uu xx 00 eng d | ||
| 050 |
_aDVD _bINT8 2009 |
||
| 245 |
_aIntroduction to the Front Office & Reception: _bhospitality stories series. |
||
| 260 |
_aAustralia : _bVEA, _c2009. |
||
| 650 | _aHospitalit-front office. | ||
| 942 | _cAVM | ||
| 999 |
_c276290 _d276290 |
||